Normal view
MARC view
Entry Corporate Name
001 - CONTROL NUMBER
- control field: 22830
003 - CONTROL NUMBER IDENTIFIER
- control field: ARRUPE
005 - DATE AND TIME OF LATEST TRANSACTION
- control field: 20160309082512.0
008 - FIXED-LENGTH DATA ELEMENTS
- fixed length control field: 160309|| aca||aabn | a|a d
040 ## - CATALOGING SOURCE
- Original cataloging agency: ARRUPE
- Transcribing agency: ARRUPE
110 ## - HEADING--CORPORATE NAME
- Corporate name or jurisdiction name as entry element: Zimbabwe
- General subdivision: History
- Chronological subdivision: 1965-
670 ## - SOURCE DATA FOUND
- Source citation: Work cat.: (ARRUPE)0: Msipa, Cephas G., author. 22828, In pursuit of freedom and justice :, 2015